Red Dead Redemption 1 Weapons Quiz - Statistics

General Stats
  • This quiz has been taken 30 times
  • The average score is 13 of 26
Answer Stats
Hint Answer % Correct
Revolvers Cattleman Revolver
93%
Double-Action Revolver
73%
Semi-Auto Shotgun
73%
Repeaters Carbine Repeater
67%
Schofield Revolver
67%
Equipment Hunting Knife
60%
Springfield Rifle
60%
Winchester Repeater
60%
Scoped Rifles Carcano Rifle
53%
Projectiles Dynamite
53%
Lasso
53%
Mauser Pistol
53%
Rifles Bolt Action Rifle
47%
Pump-Action Shotgun
47%
Rolling Block Rifle
47%
Semi-Automatic Pistol
47%
Throwing Knife
47%
Volcanic Pistol
47%
Evans Repeater
40%
LeMat Revolver
40%
Shotguns Double-Barreled Shotgun
33%
Henry Repeater
33%
Pistols High Power Pistol
33%
Sawed-Off Shotgun
33%
Buffalo Rifle
27%
Fire Bottle
27%
No matching quizzes found
Score Distribution
Percent of People with Each Score
Percentile by Number Answered
Your Score History
You have not taken this quiz